000 00567nam a2200181Ia 4500
003 GCL
008 140319s9999 xx 000 0 ara d
040 _aGCL /
_cGCL
082 0 4 _a813.01
_bح س
100 1 _aحسن صبرى (مترجم)
245 1 0 _aسقوط ثمرة وحيدة :
_bقصص /
_cحسن صبرى (مترجم)
260 _aالقاهرة :
_bالمجلس الاعلى للثقافة ،
_c2000
300 _a158 ص ؛
_c15 سم
650 0 4 _aالادب العربى
650 0 4 _aالقصص القصيرة
650 0 4 _aالقصص
942 _2ddc
_cBK
999 _c596
_d596